00458nam a22001577a 450000500170000000800410001702000150005804100120007308200150008510000120010024500660011225000190017826000470019730000310024465000250027520241120103213.0241120b |||||||| |||| 00| 0 eng d a0947905057 aEnglish a968.8 NAM  lEnglish aNamibia: 1884-1984 Reading's on Namibia's History and Society aFirst Edition  aLondon: bNamibia Support Committee,c1988 bxxvi, 762 pages; c25 cm.  aLegal practice bLaw